000 00512nam a2200205Ia 4500
005 20240823031145.0
008 240823s9999||||xx |||||||||||||| ||und||
020 _a81-8052-203-2
041 _aENGLISH
082 _A346.00648 P8
100 _aNirmal Gupta
245 0 _aCorporate Accounting Theory & Practice
250 _a1st
260 _c2008
_b"Ane Books,New "
_aNew Delhi
500 _aYES
650 _aCorporate
_bManagement Studies
700 _a Chhavi Sharma
942 _cBK
999 _c190405
_d190405